नागार्जुन संवाद : (Record no. 114677)

MARC details
000 -LEADER
fixed length control field 01154nam a22002537a 4500
005 - DATE AND TIME OF LATEST TRANSACTION
control field 20170124103012.0
010 ## - LIBRARY OF CONGRESS CONTROL NUMBER
LC control number A-700209
020 ## - INTERNATIONAL STANDARD BOOK NUMBER
Terms of availability 150.00
International Standard Book Number 8173650012
035 ## - SYSTEM CONTROL NUMBER
System control number A-700209
037 ## - SOURCE OF ACQUISITION
Source of stock number/acquisition Cen Lib/Ret
040 ## - CATALOGING SOURCE
Original cataloging agency DPL
Language of cataloging HN
082 ## - DEWEY DECIMAL CLASSIFICATION NUMBER
Classification number 808.88
Item number विजय
100 ## - MAIN ENTRY--PERSONAL NAME
Personal name विजय बहादुर सिंह
9 (RLIN) 3639
245 ## - TITLE STATEMENT
Title नागार्जुन संवाद :
Statement of responsibility, etc विजय बहादुर सिंह
Remainder of title बातचीत डायरी पत्रांश /
246 ## - VARYING FORM OF TITLE
Title proper/short title Nagaarjun samvad : batchit dayri ptransh
Remainder of title by Vijay Bahdur Singh
260 ## - PUBLICATION, DISTRIBUTION, ETC. (IMPRINT)
Place of publication, distribution, etc विदिशा
Name of publisher, distributor, etc राम कृषण प्रकाशन
Date of publication, distribution, etc 1994
270 ## - ADDRESS
Address सावित्री सदन तिलक चौक
City विदिशा
Postal code 464001
300 ## - PHYSICAL DESCRIPTION
Extent 158पृष्ठ.
Dimensions 21सेमी(सजिल्द)
650 ## - SUBJECT ADDED ENTRY--TOPICAL TERM
Topical term or geographic name as entry element हिंदी साहित्य
9 (RLIN) 57821
650 ## - SUBJECT ADDED ENTRY--TOPICAL TERM
Topical term or geographic name as entry element हिंदी गद्धय विधा -डायरी
9 (RLIN) 57822
650 ## - SUBJECT ADDED ENTRY--TOPICAL TERM
Topical term or geographic name as entry element hindi literature
9 (RLIN) 57823
650 ## - SUBJECT ADDED ENTRY--TOPICAL TERM
Topical term or geographic name as entry element Hindi Gddhy mode -dayri
9 (RLIN) 57824
942 ## - ADDED ENTRY ELEMENTS (KOHA)
Source of classification or shelving scheme Dewey Decimal Classification
Koha item type Hindi Books
Classification part 808.88
Call number suffix विजय
Holdings
Withdrawn status Lost status Damaged status Not for loan Home library Current library Date acquired Source of acquisition Cost, normal purchase price Total Checkouts Full call number Barcode Date last seen Copy number Cost, replacement price Price effective from Koha item type
        Central Library Central Library 18/08/2015 1 150.00   808.88 विजय A-700209 18/08/2015 1 150.00 18/08/2015 Hindi Books

© Delhi Public Library
Hit Counter
free hit counter